AFC Bournemouth Squad 2023-2024 - Statistics

General Stats
  • This quiz has been taken 216 times
    133 since last reset
  • The average score is 21 of 32
Answer Stats
# Position Nation Players % Correct
9 FW England Dominic Solanke
96%
1 GK Brazil Neto
96%
25 DF Argentina Marcos Senesi
89%
3 DF Hungary Milos Kerkez
86%
17 FW Colombia Luis Sinisterra
85%
18 MF United States Tyler Adams
84%
19 FW Netherlands Justin Kluivert
82%
29 MF Denmark Philip Billing
80%
27 DF Ukraine Ilya Zabarnyi
78%
24 FW Ghana Antoine Semenyo
76%
7 FW Wales David Brooks
76%
4 MF England Lewis Cook
76%
15 DF England Adam Smith
73%
- Coach Spain Andoni Iraola
72%
6 DF Wales Chris Mepham
71%
10 MF Scotland Ryan Christie
71%
22 MF Ivory Coast Hamed Junior Traorè
69%
21 FW Wales Kieffer Moore
67%
11 FW Burkina Faso Dango Ouattara
66%
26 FW Turkey Enes Ünal
65%
5 DF England Lloyd Kelly
65%
20 GK Romania Ionuț Radu
60%
16 MF England Marcus Tavernier
59%
37 DF England Max Aarons
58%
14 MF England Alex Scott
55%
12 GK Ireland Darren Randolph
47%
2 DF England Ryan Fredericks
44%
8 MF England Joe Rothwell
35%
26 MF Ireland Gavin Kilkenny
33%
8 MF France Romain Faivre
32%
23 DF England James Hill
31%
13 MF Denmark Emiliano Marcondes
29%
No matching quizzes found
Score Distribution
Percent of People with Each Score
Percentile by Number Answered
Your Score History
You have not taken this quiz since the last reset